70 000+ France Cities Map Quiz - Statistics

General Stats
  • This quiz has been taken 124 times
  • The average score is 48 of 67
Answers on the Map
Answers color-coded by a green-red scale on the quiz's map according to % correct below.
 
Answer Stats
Commune Région Population % Correct
Paris Île-de-France 2 187 526
97%
Lille Hauts-de-France 232 787
94%
Marseille Provence-Alpes-Côte d'Azur 863 310
94%
Strasbourg Grand Est 280 966
94%
Bordeaux Nouvelle-Aquitaine 254 436
92%
Dijon Bourgogne-Franche-Comté 156 920
92%
Lyon Auvergne-Rhône-Alpes 516 092
92%
Nantes Pays de la Loire 309 346
92%
Nice Provence-Alpes-Côte d'Azur 340 017
92%
Toulouse Occitanie 479 553
92%
Brest Bretagne 140 064
90%
Le Havre Normandie 170 147
90%
Montpellier Occitanie 285 121
90%
Rennes Bretagne 216 815
90%
Clermont-Ferrand Auvergne-Rhône-Alpes 143 886
87%
Orléans Centre-Val de Loire 116 685
87%
Toulon Provence-Alpes-Côte d'Azur 171 953
87%
Amiens Hauts-de-France 134 057
85%
Nancy Grand Est 104 286
85%
Rouen Normandie 110 145
85%
Saint-Étienne Auvergne-Rhône-Alpes 172 565
85%
Angers Pays de la Loire 152 960
84%
Caen Normandie 105 354
84%
Metz Grand Est 116 429
84%
Nîmes Occitanie 150 610
84%
Perpignan Occitanie 120 158
84%
Calais Hauts-de-France 73 911
82%
Grenoble Auvergne-Rhône-Alpes 158 454
82%
Mulhouse Grand Est 109 443
82%
Reims Grand Est 182 460
82%
Aix-en-Provence Provence-Alpes-Côte d'Azur 142 482
81%
Tours Centre-Val de Loire 135 787
81%
Avignon Provence-Alpes-Côte d'Azur 91 921
79%
Besançon Bourgogne-Franche-Comté 115 934
79%
Le Mans Pays de la Loire 142 946
79%
Limoges Nouvelle-Aquitaine 132 175
79%
Pau Nouvelle-Aquitaine 77 130
79%
Saint-Denis Île-de-France 111 135
79%
Annecy Auvergne-Rhône-Alpes 126 924
77%
Roubaix Hauts-de-France 96 990
76%
Poitiers Nouvelle-Aquitaine 88 291
74%
Villeurbanne Auvergne-Rhône-Alpes 147 712
74%
Versailles Île-de-France 85 862
73%
Boulogne-Billancourt Île-de-France 120 071
71%
Cannes Provence-Alpes-Côte d'Azur 73 868
71%
Antibes Provence-Alpes-Côte d'Azur 72 999
65%
Cherbourg-en-Cotentin Normandie 79 200
65%
Ajaccio Corse 70 659
63%
Argenteuil Île-de-France 110 210
63%
Montreuil Île-de-France 109 897
63%
Tourcoing Hauts-de-France 97 368
63%
Béziers Occitanie 77 177
61%
Dunkerque Hauts-de-France 87 353
61%
La Rochelle Nouvelle-Aquitaine 75 735
60%
Créteil Île-de-France 90 605
58%
Mérignac Nouvelle-Aquitaine 70 105
53%
Nanterre Île-de-France 95 105
53%
Vitry-sur-Seine Île-de-France 93 557
44%
Aubervilliers Île-de-France 86 375
39%
Drancy Île-de-France 71 318
37%
Colombes Île-de-France 85 177
35%
Aulnay-sous-Bois Île-de-France 85 740
32%
Saint-Maur-des-Fossés Île-de-France 74 859
32%
Asnières-sur-Seine Île-de-France 85 191
29%
Courbevoie Île-de-France 81 719
27%
Champigny-sur-Marne Île-de-France 77 630
24%
Rueil-Malmaison Île-de-France 78 152
24%
No matching quizzes found
Score Distribution
Percent of People with Each Score
Percentile by Number Answered
Your Score History
You have not taken this quiz